| 000 | 00478nam a2200145Ia 4500 | ||
|---|---|---|---|
| 008 | 151015s9999 xx 000 0 und d | ||
| 020 | _a30095441 | ||
| 050 | _aTK5103.59 .J66 1987 | ||
| 245 | _aJones William B. | ||
| 250 | _a_Introduction to optical fiber communication systems William B.Jones | ||
| 300 | _aNew York Holt,Rinehart and Winston 1987 | ||
| 500 | _aIncludes bibliographic reference | ||
| 650 | _a_ Communication systems | ||
| 700 | _a^d20130522 10:26:57^oanne | ||
| 999 |
_c4667 _d4667 |
||